000 00879cad a22002175a 4500
001 E154013
008 111004s2011 xxk f s000 0 eng d
020 _a9781780453804
035 _a(Sirsi) u154013
041 0 _aeng
110 2 _aScotland
_bScottish Government
_95344
245 0 0 _aRight to buy guidance circular
_ba guide for social landlords
_h[electronic resource]
260 _aGlasgow
_bScottish Government
_c2011
520 _aSets out guidance on the operation of the Right to Buy sceheme in Scotland following the Housing (Scotland) Act 2010.
590 _aKA
650 2 4 _aHOUSING (SCOTLAND) ACT 2010
651 4 _aScotland
_y1999-
690 _aPROPERTY-RESIDENTIAL PROPERTY-DOMESTIC RESIDENTIAL PROPERTY-HOUSING
856 4 0 _uhttps://www.scotland.gov.uk/Publications/2011/10/03132827/0
_zView the guidance free of charge at www.scotland.gov.uk
942 _n0
999 _c112807
_d112807